000
00341nam a2200133 a 4500
001
4140
005
20140414131852.0
008
090218s19uu xx 00 eng d
050
_a
REF 611
_b
Sw5 2004
100
_a
Swift, Christine
245
_a
My first book of human body.
650
_a
Human anatomy
_x
Juvenile literature
999
_c
110224
_d
110224